أدب عرب الجاهلية والاسلام

Bibliographic Details
Main Author: معاليقي، منذر (Author)
Format: Book
Published: Lubnan : al-Muasasah al-Hadith lil-Kitab , 2012
Edition:الطبعة 1
Subjects:

MARC

LEADER 00000cam a2200000 7i4500
001 0000085621
005 20140706093000.0
008 130723s2012
020 |a 9786144230176 
050 0 0 |a PJ7543   |b .M33 2012 
090 0 0 |a PJ7543   |b .M33 2012 
100 1 |a معاليقي، منذر ,   |e author 
241 1 0 |a Adab 'Arab al-jahiliyah wa-al-Islam 
245 1 0 |a أدب عرب الجاهلية والاسلام   |c الدكتور منذر معاليقي 
250 |a الطبعة 1 
260 |a Lubnan :   |b al-Muasasah al-Hadith lil-Kitab ,   |c 2012 
300 |a 251 p. ;   |c 25 cm. 
504 |a Includes bibliographical references (p. 243-248) 
650 0 |a Arabic poetry   |y To 622   |x History and criticism 
999 |a 1000157423   |b Book   |c OPEN SHELF (30 DAYS)   |e Gong Badak Campus